Využitie programového produktu Microsoft Excel 2016 v hospodárskej praxi na ekonomické analýzy – s použitím nástrojov citlivostnej analýzy What if bakalárska práca

Salvato in:
Dettagli Bibliografici
Autore principale: Nastišin, Oliver
Ente Autore: Fakulta hospodárskej informatiky EU. Katedra aplikovanej informatiky
Altri autori: Szivósová, Mária, 1958-
Natura: Libro
Lingua:slovacco
Pubblicazione: Bratislava 2020
Tags: Aggiungi Tag
Nessun Tag, puoi essere il primo ad aggiungerne!!

MARC

LEADER 00000nbm a2200000 4500
001 0264608
005 20210510105914.0
041 0 |a slo 
044 |a SK 
245 1 0 |a Využitie programového produktu Microsoft Excel 2016 v hospodárskej praxi na ekonomické analýzy – s použitím nástrojov citlivostnej analýzy What if  |b bakalárska práca  |c Oliver Nastišin ; školiteľ: Mária Szivósová 
264 1 |a Bratislava  |c 2020 
300 |a 52 s. 
100 1 |a Nastišin, Oliver 
700 1 |a Szivósová, Mária, 1958- 
710 2 |a Fakulta hospodárskej informatiky EU. Katedra aplikovanej informatiky